000 02080cam a22004694i 4500
003 PE-LiUPU
005 20250731172907.0
008 170127s2013 txt r b 001 0 spa d
020 _a0802873677
020 _a9780802873675
035 _a(Sirsi) a166607
040 _aPE-LiUPU
049 _aPRUA
082 0 4 _a204.4
_bC17
_223
245 1 2 _aCalling in today's world :
_bvoices from eight faith perspectives.
264 _aGrand Rapids, Michigan :
_bWilliam B. Eerdmans Publishing Company,
_c2016.
300 _a238 páginas;
_c24 centimetros
336 _atext
_2rdacontent
337 _aunmediated
_2rdamedia
338 _avolume
_2rdacarrier
505 0 4 _aHineini (Here I am) : Jewish reflections on calling / Amy Eilberg -- Called to follow : vocation in the Catholic tradition / Kathleen A. Cahalan -- To follow Christ, to live in th world : calling in a Protestant key / Douglas J. Schuurman -- Divine summons, human submission : the idea of calling in Islam / John Kelsay -- Worship, the public good, and self-fulfillment : Hindu perspectives on calling / Anantanand Rambachan -- The calling of no-calling : vocation in Nikaya and Mahayana Buddhism / Mark Unno -- The cultivation, calling, and loss of the self / Confucian and Daoist perspectives on vocation / Mark Berkson -- Vocation without the supernatural : calling in secular traditions / Edward Langerak.
526 _aSEG42
526 _aSEG41
526 _aSEG40
526 _aSEG39
526 _aP94
526 _aP87
526 _aP86
526 _aP85
526 _aP77
526 _aP76
526 _aP35
650 0 4 _aVocación.
650 0 4 _aVocación
_xJudaísmo.
650 0 4 _aVocación
_xCristianismo.
700 0 4 _aKathleen A. Cahalan
_eeditor.
700 1 _aDouglas J. Schuurman
_eeditor.
596 _a1
942 _2ddc
_cBOOK
999 _a204.4 C17
_wLC
_c15344
_i75296
_f2021-11-9
_g5
_lCCODEBUL1
_mBUL
_r0
_sY
_tBOOK
_u2017-1-27
_xTEOLOGIA
_PP35
_0COMPRA
_d15344
980 _81
_gALBERTO SANCHEZ Responsable de Automatización